Name the AEW Wrestler based on their WWE names - Statistics

General Stats
  • This quiz has been taken 29 times
  • The average score is 15 of 25
Answer Stats
Hint Answer % Correct
Stardust Cody Rhodes
92%
Edge Adam Copeland
88%
Daniel Bryan Bryan Danielson
88%
Dean Ambrose Jon Moxley
88%
Goldust Dustin Rhodes
84%
Sasha Banks Mercedes Mone
80%
Big Show Paul Wight
76%
Isaiah "Swerve" Scott Swerve Strickland
76%
Ricky Saints Ricky Starks
68%
Ember Moon Athena
64%
Cesaro Claudio Castagnoli
64%
Ruby Riott Ruby Soho
64%
Luke Harper Brodie Lee
60%
Dash Wilder Cash Wheeler
60%
Blake Monroe Mariah May
60%
Scott Dawson Dax Harwood
56%
Big Cass Big Bill
52%
Zack Ryder Matt Cardona
52%
Andrade "Cien" Almas Andrade El Idolo
40%
Renee Young Renee Paquette
40%
Lexis King Brian Pillman Jr.
36%
John Morrison Johnny TV
36%
Taynara Conti Tay Melo
36%
Gigi Dolin Priscilla Kelly
28%
Judas Devlin Luchasaurus
4%
No matching quizzes found
Score Distribution
Percent of People with Each Score
Percentile by Number Answered
Your Score History
You have not taken this quiz